[Event "Hastings8788"]
[Site "Hastings"]
[Date "1987.??.??"]
[Round "10"]
[White "Davies, Nigel R"]
[Black "Benjamin, Joel"]
[Result "0-1"]
[WhiteElo "2460"]
[BlackElo "2575"]

1.e4 c5 2.d3 Nc6 3.g3 Nf6 4.Bg2 d5 5.Nd2 e5 6.Ngf3 Be7 7.O-O O-O 8.a4 Qc7
9.exd5 Nxd5 10.Re1 Rd8 11.Nc4 f6 12.c3 Be6 13.Qe2 Bf7 14.Nh4 Bf8 15.a5 Re8
16.Nf5 Rad8 17.Be4 Kh8 18.Qf3 Qd7 19.h4 g6 20.Nh6 Be6 21.Qe2 Bg7 22.Bg2 Nde7
23.Bf1 Rf8 24.Be3 Nd5 25.Bc1 Rde8 26.Bg2 Rd8 27.Bf1 b5 28.axb6 axb6 29.Bg2 b5
30.Na5 Ra8 31.Nb3 Nxc3 32.bxc3 Bxb3 33.Rxa8 Rxa8 34.h5 Rd8 35.hxg6 hxg6 36.Qe4 Ne7
37.Qh4 Bxh6 38.Qxh6+ Kg8 39.Ba3 Qa7 40.Bb2 Bf7 41.Be4 Rd6 42.c4 bxc4 43.dxc4 Qa4
44.Qe3 Qxc4 45.Rc1 Qa4 46.Rxc5 Nf5 47.Qe2 Nxg3 48.fxg3 Qd1+ 49.Qxd1 Rxd1+
50.Kf2 Rd2+ 51.Ke3 Rxb2 52.Rc8+ Kg7 53.Rc7 Rb5 54.Bd3 Rb4 55.Be4 Rd4 56.Ra7 f5
57.Bb1 Kf6 58.Ra6+ Kg5 59.Ra7 Bd5 60.Bd3 Bc4  0-1

[Event "Hastings8788"]
[Site "Hastings"]
[Date "1987.??.??"]
[Round "13"]
[White "Benjamin, Joel"]
[Black "Short, Nigel D"]
[Result "1/2-1/2"]
[WhiteElo "2575"]
[BlackElo "2615"]

1.e4 e5 2.Nf3 Nc6 3.Bb5 g6 4.O-O Bg7 5.c3 a6 6.Ba4 d6 7.d4 Bd7 8.Re1 Nge7
9.dxe5 dxe5 10.Be3 O-O 11.Nbd2 h6 12.Bb3 b6 13.a4 Kh7 14.Qe2 Qe8 15.Nc4 Be6
16.Ba2 a5 17.Rad1  1/2-1/2

[Event "Lloyds Bank op"]
[Site "London"]
[Date "1987.??.??"]
[Round "2"]
[White "McDonald, Neil R"]
[Black "Benjamin, Joel"]
[Result "1/2-1/2"]
[WhiteElo "2400"]
[BlackElo "2575"]

1.Nf3 Nf6 2.g3 d5 3.Bg2 c6 4.O-O Bf5 5.d3 e6 6.Nbd2 Be7 7.e3 O-O 8.Qe2 h6
9.b3 a5 10.a4 Na6 11.Bb2 Nb4 12.Ne1 Qb6 13.Kh1 Rfd8 14.f4 Ng4 15.Bd4 c5 16.Bb2 c4
17.e4 cxd3 18.cxd3 Qe3 19.Qxe3 Nxe3 20.exf5 Nxf1 21.Nxf1 exf5 22.Ne3 g6 23.Bc3 d4
24.Bxb4 Bxb4 25.Nc4 Rab8 26.Nf3 Bc3 27.Rd1 f6 28.Na3 Rd7 29.Nb5 Rc8 30.Rc1 Rc5
31.Nd2 Rxb5 32.axb5 Bxd2 33.Rc8+ Kf7 34.Rb8 g5 35.Bxb7 Re7 36.Bd5+ Kg6 37.b6 Re1+
38.Kg2 Re2+ 39.Kf1 Re1+ 40.Kf2 Rc1 41.b7 Be3+ 42.Ke2 Rc2+  1/2-1/2

[Event "Lloyds Bank op"]
[Site "London"]
[Date "1987.??.??"]
[Round "4"]
[White "Hansen, Mads Smith"]
[Black "Benjamin, Joel"]
[Result "0-1"]
[WhiteElo "2305"]
[BlackElo "2575"]

1.e4 c5 2.c3 Nf6 3.e5 Nd5 4.d4 cxd4 5.Nf3 e6 6.cxd4 b6 7.Nc3 Nxc3 8.bxc3 Qc7
9.Bd2 Bb7 10.Bd3 d6 11.O-O Nd7 12.Re1 Be7 13.Bf4 O-O 14.Rc1 Rac8 15.Bb1 Bxf3
16.Qxf3 dxe5 17.dxe5 Rfe8 18.h4 Qc6 19.Qg3 Qa4 20.h5 Kh8 21.Red1 Nf8 22.h6 Ng6
23.hxg7+ Kxg7 24.Bg5 Bxg5 25.Qxg5 Qf4 26.Qh5 Rc5 27.g3 Qxe5 28.Bxg6 hxg6
29.Qxe5+ Rxe5 30.Rd7 Ra5 31.Rcd1 Rc8 32.Rb7 Rxc3 33.Rdd7 Rf5 34.Rxa7 Rc1+
35.Kg2 Rc2  0-1

[Event "Lloyds Bank op"]
[Site "London"]
[Date "1987.??.??"]
[Round "5"]
[White "Benjamin, Joel"]
[Black "Lev, Ronen"]
[Result "1-0"]
[WhiteElo "2575"]
[BlackElo "2400"]

1.e4 e5 2.Nf3 Nf6 3.Nxe5 d6 4.Nc4 Nxe4 5.Nc3 Nxc3 6.dxc3 d5 7.Ne3 Be6 8.Qh5 Qd6
9.Bd2 Nd7 10.O-O-O O-O-O 11.Qh4 Qb6 12.Bd3 Nc5 13.Bf5 Qa6 14.Kb1 d4 15.Bxe6+ Nxe6
16.cxd4 Rxd4 17.Qh3 Ra4 18.b3 Rxa2 19.Bc3 Bc5 20.Nf5 Kb8 21.Nxg7 Nxg7 22.Bxg7 Rg8
23.Rhe1 b6 24.Bc3 Bxf2 25.Rf1 Bc5 26.Qxh7 Qa3 27.Rxf7 a5 28.Be5  1-0

[Event "USA-op"]
[Site "Los Angeles"]
[Date "1987.??.??"]
[Round "5"]
[White "Benjamin, Joel"]
[Black "De Firmian, Nick E"]
[Result "1/2-1/2"]
[WhiteElo "2575"]
[BlackElo "2485"]

1.d4 Nf6 2.c4 e6 3.Nc3 Bb4 4.e3 b6 5.Ne2 Ne4 6.Qc2 Bb7 7.f3 Nxc3 8.bxc3 Be7
9.Ng3 Nc6 10.Bd3 Ba6 11.O-O Na5 12.Qe2 d5 13.cxd5 Bxd3 14.Qxd3 Qxd5 15.e4 Qc4
16.Qe3 g6  1/2-1/2

[Event "USA-op"]
[Site "Los Angeles"]
[Date "1987.??.??"]
[Round "6"]
[White "Root, Douglas"]
[Black "Benjamin, Joel"]
[Result "1/2-1/2"]
[WhiteElo "2410"]
[BlackElo "2575"]

1.e4 c5 2.Nf3 d6 3.d4 cxd4 4.Nxd4 Nf6 5.Nc3 Nc6 6.Be2 e5 7.Nf3 h6 8.O-O Be7
9.Re1 O-O 10.h3 Re8 11.Bf1 Bf8 12.b3 b6 13.Bb2 Bb7 14.Qd2 Rc8 15.Rad1 Nb8
16.Nd5 Nbd7 17.c4 Bxd5 18.cxd5 Nc5 19.Bd3 Qd7 20.Qe2 Nxd3 21.Rxd3 b5 22.Rc3 Rxc3
23.Bxc3 Rc8 24.Rc1 b4 25.Bb2 Rxc1+ 26.Bxc1 Qc7 27.Bb2 Be7 28.Ne1 Bd8 29.Kh2 a5
30.Nd3  1/2-1/2

[Event "Moscow-A"]
[Site "Moscow"]
[Date "1987.??.??"]
[Round "?"]
[White "Benjamin, Joel"]
[Black "Hjartarson, Johann"]
[Result "0-1"]
[WhiteElo "2565"]
[BlackElo "2545"]

1.d4 Nf6 2.c4 e6 3.Nc3 d5 4.Bg5 Be7 5.e3 O-O 6.Nf3 h6 7.Bxf6 Bxf6 8.Rc1 c6
9.Bd3 Nd7 10.O-O dxc4 11.Bxc4 e5 12.h3 exd4 13.exd4 Nb6 14.Bb3 Bf5 15.Re1 a5
16.a3 Re8 17.Rxe8+ Qxe8 18.Qd2 Qd7 19.Re1 Re8 20.Rxe8+ Qxe8 21.Qf4 Be6 22.Bxe6 Qxe6
23.Ne4 Be7 24.Nc5 Bxc5 25.dxc5 Nd7 26.b4 axb4 27.Qxb4 Qe8 28.Qxb7 Nxc5 29.Qb1 Qe2
30.Qe1 Qa2 31.Qe8+ Kh7 32.Qe3 Qc2 33.Nd4 Qb1+ 34.Kh2 Qg6 35.g3 Nd3 36.Nf3 c5
37.Nh4 Qd6 38.Ng2 g6 39.Qf3 Ne5 40.Qb7 c4 41.f4 Nd7 42.Qb4 Qd3 43.Qe7 Kg8
44.Qe3 Qc2 45.g4 c3 46.a4 Qb2 47.Qd4 Nf8 48.Kg3 Ne6 49.Qe5 Qb3 50.Qe3 Qc4
51.Ne1 c2 52.Nxc2 Qxc2 53.a5 Qc7 54.Qe5 Qxe5 55.fxe5 Kf8 56.Kf3 Ke7 57.Ke4 Kd7  0-1

[Event "Moscow-A"]
[Site "Moscow"]
[Date "1987.??.??"]
[Round "?"]
[White "Razuvaev, Yuri S"]
[Black "Benjamin, Joel"]
[Result "1-0"]
[WhiteElo "2510"]
[BlackElo "2565"]

1.d4 Nf6 2.c4 e6 3.Nf3 Bb4+ 4.Bd2 Qe7 5.g3 Nc6 6.Nc3 Bxc3 7.Bxc3 Ne4 8.Rc1 O-O
9.Bg2 d6 10.O-O Nxc3 11.Rxc3 e5 12.d5 Nb8 13.Nd2 a5 14.c5 Bd7 15.Nc4 Bb5
16.Qb3 Bxc4 17.Qxb7 Bxe2 18.cxd6 Qxd6 19.Qxa8 Na6 20.Qc6 Bxf1 21.Bxf1 Nb4
22.Qxc7 Qxc7 23.Rxc7 Nxd5 24.Rc5 Rd8 25.Rxa5 Kf8 26.Rb5 e4 27.a4 Nf6 28.a5 Rd1
29.a6 Ra1 30.b4  1-0

[Event "Moscow-A"]
[Site "Moscow"]
[Date "1987.??.??"]
[Round "?"]
[White "Benjamin, Joel"]
[Black "Lputian, Smbat G"]
[Result "1-0"]
[WhiteElo "2565"]
[BlackElo "2500"]

1.Nf3 Nf6 2.c4 g6 3.Nc3 d5 4.cxd5 Nxd5 5.Qa4+ Bd7 6.Qc2 Nb4 7.Qb3 N8c6 8.a3 Be6
9.Qa4 Nd5 10.Ne5 Nxc3 11.dxc3 Qd5 12.Nxc6 Qxc6 13.Qxc6+ bxc6 14.Be3 Bb3 15.g3 e5
16.Bg2 Kd7 17.Rc1 a5 18.c4 a4 19.Rc3 Ra6 20.g4 Bg7 21.Be4 Ke6 22.Rg1 Rd8
23.Rc1 Ba2 24.f3 Bf8 25.Bd3 Bg7 26.Bf5+ Ke7 27.Be4 Rb8 28.Bc5+ Ke6 29.Bb4 Bf6
30.g5 Be7 31.c5 Rh8 32.Bd2 Bd5 33.Bd3 Raa8 34.Rg4 Bf8 35.Rb4 h6 36.e4 Bb3
37.Rb7 Rc8 38.Ba6 Ra8 39.Bf1 hxg5 40.Rxc7 Rxh2 41.Rxc6+ Kd7 42.Rb6 g4 43.c6+ Kc7
44.Rb7+ Kc8 45.Be3 Rxb2 46.Ba7 Be6 47.Ba6 Rxa7 48.Rxa7+ Kb8 49.Rxf7 Bd6 50.c7+ Bxc7
51.Rfxc7 gxf3 52.R7c2 Rb3 53.Bc4  1-0

[Event "Moscow-A"]
[Site "Moscow"]
[Date "1987.??.??"]
[Round "?"]
[White "Lerner, Konstantin Z"]
[Black "Benjamin, Joel"]
[Result "1/2-1/2"]
[WhiteElo "2555"]
[BlackElo "2565"]

1.d4 Nf6 2.c4 e6 3.Nc3 Bb4 4.e3 O-O 5.Bd3 c5 6.Ne2 d5 7.cxd5 cxd4 8.exd4 Qxd5
9.O-O Qh5 10.Ne4 Nxe4 11.Bxe4 Bd6 12.Bf4 Bxf4 13.Nxf4 Qg5 14.Qf3 Nd7 15.Rac1 Qb5
16.b3 Nf6 17.Rc5 Qd7 18.Rd1 Rb8 19.Nh5 Nxh5 20.Qxh5 f5 21.Bf3 b6 22.Re5 Qd6
23.Qg5 Bb7 24.Bxb7 Rxb7 25.Qe3 Rf6 26.d5 Rd7 27.h3 h6 28.Qd4 exd5 29.Rxd5 Qxd5
30.Qxd5+ Rxd5 31.Rxd5 a5 32.f4 Kf7 33.Kf2 Kg6 34.Ke3 Rc6 35.Kd3 Kf6 36.g4 g6
37.a3 Re6 38.Rb5 Rc6 39.gxf5 gxf5 40.h4 Kg6 41.Kd4 Re6 42.Kd5 Re3 43.Rxb6+  1/2-1/2

[Event "Moscow-A"]
[Site "Moscow"]
[Date "1987.??.??"]
[Round "?"]
[White "Gurevich, Mikhail"]
[Black "Benjamin, Joel"]
[Result "1-0"]
[WhiteElo "2540"]
[BlackElo "2565"]

1.d4 Nf6 2.c4 e6 3.Nc3 Bb4 4.e3 O-O 5.Bd3 c5 6.Ne2 d5 7.cxd5 cxd4 8.exd4 Qxd5
9.O-O Qh5 10.Ne4 Nxe4 11.Bxe4 Nc6 12.Qd3 Bd6 13.Nf4 Bxf4 14.Bxf4 Rd8 15.Qe3 Nb4
16.Qg3 Nd5 17.Be5 Qh6 18.Qb3 b6 19.Rad1 Ba6 20.Rfe1 f6 21.Bc7 Re8 22.Bxd5 exd5
23.Qxd5+ Kh8 24.Qc6 Rxe1+ 25.Rxe1 Rg8 26.Re3 Qg6 27.Qc1 Bb7 28.f3 Qf7 29.b3 Qd7
30.h3 Qxd4 31.Kh2 h6 32.Re7 Rc8 33.Qe1 Kh7 34.Qg3 Rg8 35.Bf4 Qd5 36.Bc1 a6
37.Bb2 Kh8 38.Qc7 Bc8 39.Bxf6 Bxh3 40.Rxg7 Rc8 41.Rg8+  1-0

[Event "Moscow-A"]
[Site "Moscow"]
[Date "1987.??.??"]
[Round "?"]
[White "Benjamin, Joel"]
[Black "Dolmatov, Sergey"]
[Result "0-1"]
[WhiteElo "2565"]
[BlackElo "2515"]

1.d4 e6 2.c4 f5 3.Nf3 Nf6 4.Nc3 Bb4 5.Qb3 Bxc3+ 6.Qxc3 d6 7.g3 O-O 8.Bg2 Qe7
9.O-O Nbd7 10.b3 a5 11.a3 Ra7 12.Qc2 b6 13.Nh4 Bb7 14.d5 g6 15.dxe6 Qxe6
16.Bb2 Be4 17.Bxe4 Qxe4 18.Qc3 Raa8 19.f3 Qe5 20.Qd2 Qe6 21.Rae1 Rae8 22.Ng2 a4
23.e4 axb3 24.Ne3 fxe4 25.f4 Qf7 26.Qd4 h6 27.g4 Kh7 28.Re2 Nc5 29.Rg2 Nd3
30.g5 Nxb2 31.Qxb2 Nd7 32.f5 Ne5 33.Kh1 gxf5 34.gxh6 Qe6 35.Rf4 Re7 36.Rg5 Qxh6
37.Qg2 b2 38.Rf1 Ng4 39.Nxg4 fxg4 40.Rxg4 Rxf1+ 41.Qxf1 Qc1 42.Rh4+ Kg8  0-1

[Event "Moscow-A"]
[Site "Moscow"]
[Date "1987.??.??"]
[Round "?"]
[White "Benjamin, Joel"]
[Black "Romanishin, Oleg M"]
[Result "1-0"]
[WhiteElo "2565"]
[BlackElo "2570"]

1.e4 e5 2.Nf3 Nc6 3.Bb5 a6 4.Ba4 Nf6 5.O-O Be7 6.Re1 b5 7.Bb3 d6 8.c3 O-O
9.h3 Na5 10.Bc2 c5 11.d4 Nc6 12.d5 Na5 13.b3 g6 14.a4 Bd7 15.axb5 axb5 16.Nxe5 dxe5
17.d6 Nh5 18.dxe7 Qxe7 19.Be3 Be6 20.Nd2 Nc6 21.Qe2 Rab8 22.Nf3 b4 23.Ra6 Rfc8
24.c4 f6 25.Rea1 Ng7 26.Ne1 Bf7 27.f4 Ne6 28.Nd3 Rb7 29.Qf2 exf4 30.Nxf4 Nxf4
31.Qxf4 Rd7 32.Rf1 Kg7 33.Qh6+ Kg8 34.Qf4 Kg7 35.Qf2 Qe5 36.Bxc5 Be6 37.Be3 Rf7
38.Rb6 Qc7 39.Bf4 Qa7 40.Be3 Qc7 41.Kh1 Ra8 42.Bf4 Qc8 43.Qc5 Bd7 44.Qd5 Qe8
45.e5 Ra5 46.c5 Nxe5 47.Rxf6 Bc6 48.Bxe5 Bxd5 49.Rxf7+  1-0

[Event "Moscow-A"]
[Site "Moscow"]
[Date "1987.??.??"]
[Round "?"]
[White "Benjamin, Joel"]
[Black "Vasiukov, Evgeni"]
[Result "1-0"]
[WhiteElo "2565"]
[BlackElo "2510"]

1.d4 Nf6 2.c4 d6 3.Nc3 e5 4.d5 Nbd7 5.e4 Nc5 6.f3 a5 7.Be3 Be7 8.Qd2 O-O
9.Nge2 Ne8 10.Ng3 h6 11.Be2 Bg5 12.O-O Qe7 13.Rf2 Bd7 14.Raf1 g6 15.f4 exf4
16.Bxf4 Ng7 17.Bd1 Bxf4 18.Rxf4 Qe5 19.Bc2 Rae8 20.R4f3 Bg4 21.R3f2 Qg5 22.Rf4 h5
23.Qf2 Qe7 24.e5 dxe5 25.d6 cxd6 26.Nd5 Qg5 27.Rf6 h4 28.Ne4 Nxe4 29.Bxe4 Bf5
30.Rxd6 Rd8 31.Qb6 Rxd6 32.Qxd6 Qd8 33.Nf6+ Kh8 34.Qxe5 Qb6+ 35.c5 Qe6 36.Qd4 Bxe4
37.Nxe4 Qg4 38.h3 Qh5 39.Rf4 g5 40.Rf6 Re8 41.Nd6 Re7 42.Nf5 Re1+ 43.Kh2 Rd1
44.Qe5 Kh7 45.Rh6+ Qxh6 46.Nxh6 Kxh6 47.Qf6+ Kh7 48.Qxg5 Rd4 49.Qf6 Rc4 50.Qxf7 Rxc5
51.Qxb7 Rg5 52.a4 Kg6 53.b4 axb4 54.Qxb4 Nf5 55.a5 Kh5 56.Qe4  1-0

[Event "Moscow-A"]
[Site "Moscow"]
[Date "1987.??.??"]
[Round "?"]
[White "Geller, Efim P"]
[Black "Benjamin, Joel"]
[Result "1-0"]
[WhiteElo "2500"]
[BlackElo "2565"]

1.e4 c5 2.Nf3 Nc6 3.d4 cxd4 4.Nxd4 Nf6 5.Nc3 d6 6.Be2 e5 7.Nf3 h6 8.O-O Be7
9.Re1 O-O 10.h3 Re8 11.Bf1 Bf8 12.b3 a6 13.Bb2 b6 14.Qd2 Bb7 15.Rad1 Rc8
16.Nd5 Nxd5 17.exd5 Nb8 18.c4 Nd7 19.Nh2 Rc7 20.Kh1 Bc8 21.f4 exf4 22.Rxe8 Qxe8
23.Re1 Ne5 24.Qxf4 f6 25.a4 Qg6 26.Qf2 Nd3 27.Bxd3 Qxd3 28.Qf3 Qc2 29.Bd4 b5
30.axb5 axb5 31.cxb5 Qd2 32.Rd1 Qg5 33.b6 Re7 34.Nf1 f5 35.Ne3 f4 36.Nc4 h5
37.Rf1 Rf7 38.Be3 Qh4 39.Bf2 Qe7 40.Re1 Qg5 41.Re8 Bg4 42.Qd3 Bf5 43.Qe2 Qg6
44.Kh2 Kh7 45.b7 Rxb7 46.Rxf8 Rxb3 47.Nd2 Rd3 48.Nf3 Rxd5 49.Nh4  1-0

[Event "New York op"]
[Site "New York"]
[Date "1987.??.??"]
[Round "?"]
[White "Benjamin, Joel"]
[Black "Hellers, Ferdinand"]
[Result "1-0"]
[WhiteElo "2565"]
[BlackElo "2465"]

1.d4 Nf6 2.c4 e6 3.Nc3 Bb4 4.Qc2 c5 5.dxc5 O-O 6.Nf3 Nc6 7.Bg5 Bxc5 8.Rd1 b6
9.e4 Qc7 10.Bxf6 gxf6 11.Qd2 Ne5 12.Be2 a6 13.O-O Ng6 14.Ne1 Rd8 15.Kh1 Bf8
16.f4 Bh6 17.Nd3 Bb7 18.Qe1 f5 19.exf5 exf5 20.Nb4 Re8 21.Nbd5 Qd8 22.Qg3 Kh8
23.Bd3 Nxf4 24.Rxf4 Rg8 25.Qf2  1-0

[Event "New York op"]
[Site "New York"]
[Date "1987.??.??"]
[Round "?"]
[White "Benjamin, Joel"]
[Black "Paunovic, Dragan"]
[Result "1-0"]
[WhiteElo "2565"]
[BlackElo "2465"]

1.d4 Nf6 2.c4 g6 3.Nc3 Bg7 4.e4 d6 5.Be2 O-O 6.Bg5 c6 7.Nf3 Nbd7 8.O-O h6
9.Bd2 e5 10.d5 Nc5 11.Qc2 a5 12.Be3 Qe7 13.Bxc5 dxc5 14.Rfd1 Bg4 15.Na4 Rfd8
16.Ne1 Bxe2 17.Qxe2 Bf8 18.Rac1 Qc7 19.b3 b6 20.Nd3 Re8 21.Nc3 Rad8 22.dxc6 Qxc6
23.Nd5 Nxd5 24.cxd5 Qf6 25.Nb2 h5 26.Rc3 Rb8 27.Rf3 Qd8 28.Qb5 Bd6 29.Nc4 Re7
30.Rf6 Rd7 31.Rd3 Rbb7 32.Rdf3 Kg7 33.h3 Qxf6 34.Rxf6 Kxf6 35.Qc6 Ke7 36.Nxd6 Rbc7
37.Qxb6  1-0

[Event "New York op"]
[Site "New York"]
[Date "1987.??.??"]
[Round "?"]
[White "Weldon, Charles"]
[Black "Benjamin, Joel"]
[Result "0-1"]
[WhiteElo "2270"]
[BlackElo "2565"]

1.d4 Nf6 2.Nf3 c5 3.d5 e6 4.Nc3 exd5 5.Nxd5 Nxd5 6.Qxd5 Nc6 7.Bg5 Be7 8.Bxe7 Qxe7
9.e3 O-O 10.Bd3 g6 11.h4 Nb4 12.Qg5 Qxg5 13.hxg5 d5 14.Rh4 f6 15.gxf6 Rxf6
16.Ke2 c4 17.Kd2 Nxd3 18.cxd3 g5 19.Rh5 h6 20.Ne5 Rxf2+ 21.Kc3 Kg7 22.dxc4 dxc4
23.Rd1 Be6 24.Rd6 Rf6 25.Rh1 Re8 26.g4 b5 27.Ra6 Re7 28.Kd4 Rf2 29.Nc6 Rd7+
30.Kc5 Rd5+ 31.Kb4 Rxb2+ 32.Kc3 Re2 33.Rxa7+ Rd7 34.Rxd7+ Bxd7 35.Ne5 Be6
36.a4 bxa4 37.Ra1 a3 38.Kd4 Rd2+ 39.Kc3 Re2 40.Kd4 a2 41.Nxc4 Bxg4 42.Kd3 Rh2
43.Kd4 Be6 44.e4 Rc2 45.Ne3 Rb2 46.Nd5 Bf7 47.Ke5 Rd2 48.Rc1 Rb2 49.Ra1 h5
50.Kf5 g4 51.Kf4 Kg6 52.Ne7+ Kf6 53.Nd5+ Bxd5 54.exd5 Rb4+  0-1

[Event "New York op"]
[Site "New York"]
[Date "1987.??.??"]
[Round "?"]
[White "Kudrin, Sergey"]
[Black "Benjamin, Joel"]
[Result "1-0"]
[WhiteElo "2505"]
[BlackElo "2565"]

1.e4 c6 2.Nc3 d5 3.d4 dxe4 4.Nxe4 Bf5 5.Ng3 Bg6 6.h4 h6 7.Nf3 Nd7 8.h5 Bh7
9.Bd3 Bxd3 10.Qxd3 Qc7 11.Bd2 e6 12.O-O-O Ngf6 13.Ne4 Be7 14.Nxf6+ gxf6 15.g4 O-O-O
16.Qe4 Nb6 17.Kb1 Rd5 18.Qe2 c5 19.dxc5 Bxc5 20.Bc1 Qc6 21.c4 Rd7 22.b3 Be7
23.Bf4 e5 24.Bc1 Rhd8 25.Rxd7 Nxd7 26.Rd1 Bf8 27.Nh4 Nc5 28.Rxd8+ Kxd8 29.Nf5 Qh1
30.Kc2 Ke8 31.f3 Ne6 32.Qd1 Qg2+ 33.Kb1 e4 34.fxe4 Qxe4+ 35.Ka1 Bc5 36.Bb2 Nf4
37.Bxf6 Nd3 38.a4 a5 39.Bc3 b6 40.Ng7+ Kf8 41.Nf5 Ke8 42.Ng3 Qe3 43.Qe2 Qxe2
44.Nxe2 Nf2 45.g5 Ng4 46.gxh6 Nxh6 47.Bd4 Ke7 48.Kb2 Nf5 49.Bxc5+ bxc5 50.Nf4 Nd6
51.Kc2 Kf6 52.Kd2 Kg5 53.Nd3 Nb7 54.Ke3 f5 55.Kf3 Kxh5 56.Kf4 Kg6 57.Ke5 Kg5
58.Kd5 f4 59.Kc6 Nd8+ 60.Kxc5 f3 61.Kd5 Kf5 62.c5 Ne6 63.Kd6 Ke4 64.Nf2+ Ke3
65.Nh1 Kd4 66.Kxe6 Kxc5 67.Kd7 Kb4 68.Kc6 Kxb3 69.Kb5  1-0

[Event "New York op"]
[Site "New York"]
[Date "1987.??.??"]
[Round "?"]
[White "Rohde, Michael A"]
[Black "Benjamin, Joel"]
[Result "1/2-1/2"]
[WhiteElo "2530"]
[BlackElo "2565"]

1.e4 c5 2.Nf3 Nc6 3.Bb5 e6 4.O-O Nge7 5.b3 Nd4 6.Nxd4 cxd4 7.Bb2 Nc6 8.c3 Bc5
9.Qh5 Bb6 10.Ba3 d6 11.e5 dxe5 12.Qxe5 f6 13.Qe4 Kf7 14.Bxc6 bxc6 15.Qxc6 Qd5  1/2-1/2

[Event "US op"]
[Site "Boston"]
[Date "1988.??.??"]
[Round "?"]
[White "Donaldson, John W"]
[Black "Benjamin, Joel"]
[Result "1/2-1/2"]
[WhiteElo "2415"]
[BlackElo "2565"]

1.d4 Nf6 2.c4 e6 3.Nc3 Bb4 4.e3 O-O 5.Bd3 d5 6.Nf3 c5 7.O-O dxc4 8.Bxc4 Bd7
9.Qe2 Bc6 10.Rd1 Qe7 11.Bd2 Bxf3 12.Qxf3 Nc6  1/2-1/2

[Event "US op"]
[Site "Boston"]
[Date "1988.??.??"]
[Round "?"]
[White "Benjamin, Joel"]
[Black "Harris, Derek JE"]
[Result "1-0"]
[WhiteElo "2565"]
[BlackElo "2215"]

1.e4 c5 2.Nf3 d6 3.d4 cxd4 4.Nxd4 Nf6 5.Nc3 a6 6.Be3 e6 7.f3 b5 8.Qd2 Nbd7
9.g4 h6 10.O-O-O Qc7 11.h4 b4 12.Nce2 Rb8 13.Ng3 Nc5 14.Kb1 Bd7 15.Be2 Bc6
16.g5 hxg5 17.hxg5 Rxh1 18.Rxh1 Nfd7 19.Rh7 g6 20.Bf2 Nb6 21.Nf1 Nba4 22.Qe3 Bb5
23.Nxb5 axb5 24.Be1 Nxb2 25.Kxb2 Na4+ 26.Kc1 Nc3 27.Bxc3 bxc3 28.Qd4 Qa5
29.Rh8 Kd7 30.Rh7 Ke8 31.Kd1 d5 32.Qf6 Rb7 33.exd5 Rd7 34.Ke1 Qxa2 35.dxe6 Qa1+
36.Kf2 Bc5+ 37.Kg2  1-0

[Event "US op"]
[Site "Boston"]
[Date "1988.??.??"]
[Round "?"]
[White "Benjamin, Joel"]
[Black "Dzindzichashvili, Roman"]
[Result "0-1"]
[WhiteElo "2565"]
[BlackElo "2530"]

1.e4 e5 2.Nf3 Nc6 3.Bb5 a6 4.Ba4 Nf6 5.O-O Be7 6.Re1 b5 7.Bb3 d6 8.c3 O-O
9.h3 Nd7 10.d4 Bf6 11.Be3 Na5 12.Bc2 Nc4 13.Bc1 Bb7 14.b3 Ncb6 15.Nbd2 Re8
16.Nf1 exd4 17.cxd4 c5 18.Bb2 cxd4 19.Bxd4 Ne5 20.N3h2 Rc8 21.Qd2 Ned7 22.Bxf6 Qxf6
23.Rad1 Qc3 24.Qxc3 Rxc3 25.Bb1 d5 26.exd5 Rxe1 27.Rxe1 Bxd5 28.Re8+ Nf8
29.Bxh7+ Kxh7 30.Rxf8 Rc2 31.Rd8 Bc6 32.Rd6 Nc8 33.Rd2 Rc1 34.Ng4 b4 35.Ne3 Na7
36.Kh2 Nb5 37.Ng3 Nc3 38.Ngf5 g6 39.Nd6 Kg7 40.Ndc4 Bb5 41.Nd6 Bc6 42.Nec4 Bd5
43.Ne5 Rd1 44.Rxd1 Nxd1 45.Ne8+ Kf8 46.Nf6 Be6 47.Nc6 a5 48.Nxa5 Nc3 49.Ne4 Nxe4
50.Nc6 Nxf2 51.Nxb4 Ne4 52.Nd3 Nc3 53.Nc1 Ke7 54.Kg3 Bd5 55.Kf2 Kd6 56.h4 Ne4+
57.Ke3 Ng3 58.Kf2 Ne4+ 59.Ke3 Nf6 60.g3 Nh5 61.Kf2 Ke5 62.Ne2 Nf6 63.Ke3 Ne4
64.g4 Be6 65.Nd4 Bxg4 66.Nc6+ Kd6 67.Nd8 f5 68.Kf4 Ke7 69.Nc6+ Kf6 70.Nb4 Nc3
71.Ke3 Ke5 72.Nd3+ Kd6 73.Kf4 Nd5+ 74.Kg5 Be2 75.Nf2 Bh5 76.Nd3 Nc7 77.Kf6 Kd5  0-1

[Event "Lugano op"]
[Site "Lugano"]
[Date "1988.??.??"]
[Round "?"]
[White "Gulko, Boris F"]
[Black "Benjamin, Joel"]
[Result "1-0"]
[WhiteElo "2595"]
[BlackElo "2565"]

1.d4 Nf6 2.c4 e6 3.Nf3 b6 4.Nc3 Bb7 5.a3 d5 6.cxd5 Nxd5 7.Qc2 Nxc3 8.bxc3 c5
9.e4 Nd7 10.Bf4 Be7 11.Bd3 Rc8 12.Qe2 cxd4 13.cxd4 O-O 14.O-O Nf6 15.Bd2 Rc7
16.a4 Qa8 17.Rfe1 Rfc8 18.a5 bxa5 19.Bxa5 Rd7 20.Bb5 Bxe4 21.Bxd7 Bxf3 22.Qxf3 Qxf3
23.gxf3 Nxd7 24.d5 Nf6 25.dxe6 fxe6 26.Rxe6 Kf7 27.Re2 Rc6 28.Rb1 Nd5 29.Rb7 a6
30.Re5 Rc1+ 31.Kg2 Nf4+ 32.Kg3 Ne6 33.f4 Rg1+ 34.Kf3 Nd4+ 35.Ke4 Nc6 36.Bb4  1-0

[Event "National op"]
[Site "?"]
[Date "1988.??.??"]
[Round "?"]
[White "Dlugy, Maxim"]
[Black "Benjamin, Joel"]
[Result "1/2-1/2"]
[WhiteElo "2550"]
[BlackElo "2565"]

1.d4 Nf6 2.c4 c5 3.d5 d6 4.Nc3 g6 5.e4 Bg7 6.Bd3 O-O 7.Nf3 e6 8.O-O exd5
9.exd5 Re8 10.h3 Nh5 11.Be3 Nd7 12.Be2 a6 13.a4 f5 14.Qd2 Bxc3 15.bxc3 Ndf6
16.Bd3 Ne4 17.Bxe4 Rxe4 18.Bg5 Qf8 19.Rfe1 Bd7 20.Rxe4 fxe4 21.Nh2 b5 22.cxb5 axb5
23.a5 Qg7 24.Ra2 Qe5 25.Ng4 Bxg4 26.hxg4 Nf6 27.Bxf6 Qxf6 28.a6 Ra7 29.Qe2 Qxc3
30.Qxe4 Kg7 31.Qe6 b4 32.Re2 Qa1+ 33.Kh2 Qxa6 34.g5 Rf7 35.Re3 c4 36.Rh3 Qb7
37.Qe4 c3 38.Qd4+ Kg8 39.Re3 Re7 40.Rxe7 Qxe7 41.Qxb4 c2 42.Qb8+ Kg7 43.Qc8 Qe5+
44.g3 Qf5 45.Qc7+ Kg8 46.Qd8+ Kf7 47.Qc7+ Ke8 48.Qb8+  1/2-1/2

[Event "New York op"]
[Site "New York"]
[Date "1988.??.??"]
[Round "?"]
[White "Strikovic, Aleksa"]
[Black "Benjamin, Joel"]
[Result "1-0"]
[WhiteElo "2450"]
[BlackElo "2565"]

1.e4 c5 2.c3 d6 3.d4 Nf6 4.f3 Nbd7 5.Be3 g6 6.Bd3 Bg7 7.Ne2 O-O 8.O-O e5
9.dxc5 Nxc5 10.Bc4 Qc7 11.Na3 a6 12.b4 Ne6 13.Bb3 Rb8 14.Qd2 Nh5 15.Rac1 Rd8
16.Rfd1 Bf8 17.c4 Kh8 18.Nb1 f5 19.exf5 gxf5 20.Nbc3 Qg7 21.Kh1 Be7 22.Nd5 Bh4
23.f4 Rg8 24.g3 Qg4 25.Rg1 Qh3 26.Qe1 Bd7 27.Qf1 Qxf1 28.Rgxf1 exf4 29.Nexf4 Nhxf4
30.Rxf4 Bg5 31.Rxf5 Bxe3 32.Nxe3 Nd4 33.Rf6 Rbe8 34.Rxd6 Bc6+ 35.Nd5 Rgf8
36.Kg2 Re2+ 37.Kh3 Nf3 38.Rc2 Ng1+ 39.Kg4 Re4+ 40.Nf4 Rg8+ 41.Kf5 Nf3 42.Ne6 Re5+
43.Kf6 Rh5 44.c5 Nxh2 45.Rd8 Ng4+ 46.Ke7 Rxd8 47.Nxd8 Ne5 48.Rf2 Kg7 49.Nxc6 Nxc6+
50.Kd6 Rh6+ 51.Kc7 Nxb4 52.Kxb7 Rg6 53.Rf3 a5 54.a3 Na6 55.c6 Nc5+ 56.Kb6 Nd7+
57.Kxa5 Ne5 58.c7 Rc6 59.Rf5 Nd3 60.Rf7+ Kg6  1-0

[Event "World op"]
[Site "Philadelphia"]
[Date "1988.??.??"]
[Round "?"]
[White "Benjamin, Joel"]
[Black "Popovych, Orest"]
[Result "1-0"]
[WhiteElo "2565"]
[BlackElo "2310"]

1.e4 c5 2.Nf3 d6 3.d4 cxd4 4.Nxd4 Nf6 5.Nc3 a6 6.Be3 e5 7.Nb3 Be6 8.f3 Nbd7
9.g4 Be7 10.Rg1 Rc8 11.Qd2 O-O 12.O-O-O Nb6 13.g5 Nh5 14.Kb1 Nc4 15.Bxc4 Bxc4
16.Nd5 Bxd5 17.Qxd5 Qc7 18.Rg2 Kh8 19.Nc1 f5 20.a3 fxe4 21.fxe4 Rf3 22.Re1 g6
23.Na2 Qd7 24.Qd2 Rcf8 25.Nc3 Bd8 26.Nd5 Qh3 27.Rge2 Qh4 28.Qb4 Bxg5 29.Qxd6 Re8
30.Qd7 Ng7 31.Bxg5 Qxg5 32.Qxb7 Ne6 33.c3 a5 34.Qb5 Qd8 35.Rd1 Ng5 36.Ka2 Re6
37.Ne3 Qa8 38.Qd5 Qa6 39.Qd8+ Kg7 40.Nf5+ Rxf5 41.exf5 Nf7 42.f6+ Rxf6 43.Qd3 Qe6+
44.Qd5 Qg4 45.Rdd2 a4 46.Rf2 Rf4 47.Rxf4 Qxf4 48.Re2 h5 49.c4 Qg4 50.Rf2 Ng5
51.Qxe5+ Kh6 52.Qf4 Qd1 53.Rd2 Qb3+ 54.Ka1  1-0

[Event "World op"]
[Site "Philadelphia"]
[Date "1988.??.??"]
[Round "?"]
[White "Brooks, Michael A"]
[Black "Benjamin, Joel"]
[Result "1/2-1/2"]
[WhiteElo "2345"]
[BlackElo "2565"]

1.e4 d6 2.d4 Nf6 3.Nc3 g6 4.Nf3 Bg7 5.Be2 O-O 6.O-O c6 7.Bf4 Nbd7 8.Qd2 Qc7
9.e5 Nh5 10.exd6 exd6 11.Ne4 Nxf4 12.Qxf4 Qb6 13.Nxd6 Qxb2 14.Bc4 Nf6 15.Bxf7+ Rxf7
16.Nxf7 Be6 17.Nh6+ Kh8 18.Ng5 Bc4 19.Rab1 Qxa2 20.Ra1 Qb2 21.Rab1 Qa2 22.Rxb7 Rf8
23.Rb8 Rxb8 24.Qxb8+ Ng8 25.Nxg8 Bxg8 26.c3 a5 27.f4 a4 28.f5 gxf5 29.Rxf5 h6
30.Nf7+ Kh7 31.Rf2 Qb3 32.Qe8 Qb1+ 33.Rf1 Qd3 34.Ne5 Qxc3 35.Qg6+ Kh8 36.Nf7+ Bxf7
37.Qxf7 a3 38.Kh1 Qxd4 39.Re1 Qd5 40.Qg6 Bf8 41.Qf6+ Bg7 42.Qg6 Bf8 43.Qf6+  1/2-1/2

[Event "Saint John op-2"]
[Site "Saint John"]
[Date "1988.??.??"]
[Round "?"]
[White "Benjamin, Joel"]
[Black "Tolnai, Tibor"]
[Result "1/2-1/2"]
[WhiteElo "2565"]
[BlackElo "2465"]

1.Nf3 Nf6 2.c4 e6 3.Nc3 Bb4 4.Qc2 O-O 5.a3 Bxc3 6.Qxc3 b6 7.b4 d6 8.Bb2 Bb7
9.e3 Nbd7 10.Be2 a5 11.O-O e5 12.d3 Qe7 13.Nd2 Rfe8 14.Rfc1 Qf8 15.Rab1 axb4
16.axb4 Ra7 17.Bf3 Bxf3 18.Nxf3 Ra4 19.d4 exd4 20.Nxd4 Ne5 21.Qb3 Raa8 22.Nb5 Qe7
23.f3 c6 24.Nd4 d5 25.cxd5 cxd5 26.Nc6 Nxc6 27.Rxc6 Qxe3+ 28.Qxe3 Rxe3 29.Bd4 Re6
30.Rxb6 Rxb6 31.Bxb6 Nd7 32.Bd4 f6 33.b5 Ra4 34.Bf2 d4 35.Kf1 Nb6 36.Ke2 Ra2+
37.Ke1 Ra4 38.Ke2 Ra2+ 39.Kf1 Nc4 40.Rd1 Ne3+ 41.Bxe3 dxe3 42.Rb1 Rf2+ 43.Ke1 Rxg2
44.Rb4 Rd2 45.b6 Rd8 46.b7 Rb8 47.Ke2 Kf7 48.Kxe3 Ke6 49.Ke4 Kd6 50.Kf5 Kc5
51.Rb2 Kd6 52.Rb1 Ke7 53.Rb3 Kd6 54.Rb2 Ke7 55.Rb1 Kd6 56.h3 Ke7 57.Rb4 g6+
58.Ke4 Kd6 59.Kd4 Kc6 60.Rb1 Rxb7 61.Rxb7 Kxb7 62.Kd5 Kb6 63.Ke6 f5 64.Kf6 Kc5
65.Kg7 Kd4 66.Kxh7 Ke3 67.Kxg6 Kxf3 68.Kxf5 Kg3  1/2-1/2